Click to Translate - Dutch words for Animals #1 - Statistics

General Stats
  • This quiz has been taken 306 times
  • The average score is 14 of 20
Answer Stats
Hint Answer % Correct
Cat Kat
97%
Dolphin Dolfijn
91%
Sheep Schaap
90%
Dog Hond
88%
Cow Koe
87%
Lion Leeuw
81%
Spider Spin
80%
Fish Vis
74%
Snake Slang
73%
Monkey Aap
71%
Pig Varken
70%
Hippo Nijlpaard
66%
Horse Paard
66%
Butterfly Vlinder
58%
Chicken Kip
55%
Shark Haai
51%
Pigeon Duif
46%
Peacock Pauw
45%
Jellyfish Kwal
40%
Caterpillar Rups
37%
No matching quizzes found
Score Distribution
Percent of People with Each Score
Percentile by Number Answered
Your Score History
You have not taken this quiz